000 01008nam a22002417a 4500
005 20240305165528.0
007 cr|||| ||||
008 190816s2004 pe |||||s|||| 00||0 spa d
020 _a9972-733-66-1
035 _a24090
040 _avLex
090 _c9213
_d9213
100 1 _aAngulo Arana, Pedro Miguel
245 1 2 _aEl principio de oportunidad en el Perú
_h[Recurso electrónico] /
_cPedro Miguel Angulo Arana
256 _aServicio en línea
260 _aLima:
_bPalestra Editores,
_c2004
300 _a1 recurso electrónico
506 1 _aDisponible solo en los productos indicados
_dvLex Global
_dvLex Global (Academic Edition, excluding Law Schools)
_dvLex Global (U.S. Academic Edition, Law Schools)
_dvLex Global (U.S. Academic Edition, excluding Law Schools)
_dvLex Global (Academic Edition, Law Schools)
650 0 4 _aDerecho Penal
_zPerú
740 0 _avLex Libros (Servicio en línea)
856 4 0 _uhttps://app.vlex.com/#/sources/principio-oportunidad-peru-24090
942 _cRAA
999 _c167450
_d167450